<?xml version="1.0" encoding="UTF-8"?>
<record
    xmlns:xsi="http://www.w3.org/2001/XMLSchema-instance"
    xsi:schemaLocation="http://www.loc.gov/MARC21/slim http://www.loc.gov/standards/marcxml/schema/MARC21slim.xsd"
    xmlns="http://www.loc.gov/MARC21/slim">

  <leader>02029nam a22002417a 4500</leader>
  <controlfield tag="005">20260203113358.0</controlfield>
  <controlfield tag="008">260127b        |||||||| |||| 00| 0 eng d</controlfield>
  <datafield tag="020" ind1=" " ind2=" ">
    <subfield code="a">979-8899840487</subfield>
    <subfield code="q">9798900070094 </subfield>
  </datafield>
  <datafield tag="040" ind1=" " ind2=" ">
    <subfield code="c">AL</subfield>
  </datafield>
  <datafield tag="041" ind1=" " ind2=" ">
    <subfield code="a">English</subfield>
  </datafield>
  <datafield tag="082" ind1=" " ind2=" ">
    <subfield code="a">006.3</subfield>
    <subfield code="b">SUBG</subfield>
  </datafield>
  <datafield tag="100" ind1=" " ind2=" ">
    <subfield code="a">KRV Raja Subramanian</subfield>
    <subfield code="9">253620</subfield>
  </datafield>
  <datafield tag="245" ind1=" " ind2=" ">
    <subfield code="a">Generative AI For PhD scholars</subfield>
    <subfield code="b">: ethical use of AI in research</subfield>
  </datafield>
  <datafield tag="260" ind1=" " ind2=" ">
    <subfield code="a">India</subfield>
    <subfield code="b">Notion Press</subfield>
    <subfield code="c">2025</subfield>
  </datafield>
  <datafield tag="300" ind1=" " ind2=" ">
    <subfield code="a">xi,419p.</subfield>
    <subfield code="b">PB</subfield>
    <subfield code="c">23x15cm.</subfield>
  </datafield>
  <datafield tag="365" ind1=" " ind2=" ">
    <subfield code="a">EKDG-116637</subfield>
    <subfield code="b">&#x20B9;530.20</subfield>
    <subfield code="c">&#x20B9;</subfield>
    <subfield code="d">&#x20B9;530.20</subfield>
    <subfield code="f">14-01-2026</subfield>
  </datafield>
  <datafield tag="520" ind1=" " ind2=" ">
    <subfield code="a">Generative AI for PhD Scholars: Ethical Use of AI in Research is more than just a guide, it&#x2019;s a research companion for the modern scholar.

In today&#x2019;s academic world, speed and quality often feel at odds. This book bridges that gap, showing how tools like ChatGPT, Gemini, and other AI platforms can help you work faster, think sharper, and write smarter, without ever compromising on rigor or integrity.
Drawing on over four decades of academic, research, and mentoring experience, Dr. KRV &#x201C;Raja&#x201D; Subramanian provides a clear, step-by-step approach to:

*Accelerating literature reviews and extracting key insights from vast data sets
*Crafting compelling proposals and refining your academic writing
*Balancing AI-assisted productivity with your unique scholarly voice
*Navigating ethical considerations to stay compliant and avoid plagiarism
*Future-proofing your research in an AI-driven world
Packed with practical tips, ethical guidelines, and real-world examples, this is not about replacing human intellect, it&#x2019;s about amplifying it.
Whether you are just starting your PhD journey or are in the final stages of your dissertation, this book will help you harness the power of Generative AI responsibly and effectively.


</subfield>
  </datafield>
  <datafield tag="650" ind1=" " ind2=" ">
    <subfield code="a">Artificial Intelligence</subfield>
    <subfield code="9">252722</subfield>
  </datafield>
  <datafield tag="650" ind1=" " ind2=" ">
    <subfield code="a">Higher Education Research Methods</subfield>
    <subfield code="9">252723</subfield>
  </datafield>
  <datafield tag="650" ind1=" " ind2=" ">
    <subfield code="a">Generative Artificial Intelligence</subfield>
    <subfield code="9">252724</subfield>
  </datafield>
  <datafield tag="650" ind1=" " ind2=" ">
    <subfield code="a">Research Methods</subfield>
    <subfield code="9">252725</subfield>
  </datafield>
  <datafield tag="942" ind1=" " ind2=" ">
    <subfield code="2">ddc</subfield>
    <subfield code="c">BK</subfield>
  </datafield>
  <datafield tag="999" ind1=" " ind2=" ">
    <subfield code="c">240819</subfield>
    <subfield code="d">240819</subfield>
  </datafield>
  <datafield tag="952" ind1=" " ind2=" ">
    <subfield code="0">0</subfield>
    <subfield code="1">0</subfield>
    <subfield code="2">ddc</subfield>
    <subfield code="4">0</subfield>
    <subfield code="7">0</subfield>
    <subfield code="8">PSY</subfield>
    <subfield code="a">AL</subfield>
    <subfield code="b">AL</subfield>
    <subfield code="c">SK</subfield>
    <subfield code="d">2026-01-22</subfield>
    <subfield code="e">amazon.in</subfield>
    <subfield code="g">530.20</subfield>
    <subfield code="l">0</subfield>
    <subfield code="o">006.3 SUBG</subfield>
    <subfield code="p">078068</subfield>
    <subfield code="r">2026-01-27 10:22:53</subfield>
    <subfield code="v">590.00</subfield>
    <subfield code="w">2026-01-14</subfield>
    <subfield code="y">BK</subfield>
  </datafield>
</record>
